[Event "YUG-ch"]
[Site "Banja Vrucica"]
[Date "1991.??.??"]
[Round "?"]
[White "Strikovic, Aleksa"]
[Black "Velimirovic, Dragoljub"]
[Result "0-1"]
[WhiteElo "2495"]
[BlackElo "2520"]
[PlyCount "112"]
[EventDate "1991.12.??"]
[EventType "swiss"]
[EventRounds "13"]
[EventCountry "YUG"]
[Source "ChessBase"]
[SourceDate "1996.11.15"]
[WhiteTeamCountry "YUG"]
[BlackTeamCountry "YUG"]

1. e4 c5 2. c3 e6 3. d4 d5 4. exd5 exd5 5. Nf3 Nf6 6. Bb5+ Nc6 7. O-O Be7 8.
dxc5 Bxc5 9. Bg5 Be6 10. Nbd2 h6 11. Bh4 Bb6 12. Nb3 g5 13. Bg3 Ne4 14. Be5 O-O
15. Bxc6 bxc6 16. Nfd4 Bd7 17. f3 f6 18. Bf4 Nxc3 19. Qc2 Ne2+ 20. Qxe2 gxf4
21. Qc2 f5 22. Nc5 Qe7 23. Rac1 Rab8 24. b3 Rf6 25. Rfe1 Qd6 26. Kh1 Re8 27.
Rxe8+ Bxe8 28. b4 Qe5 29. Qc3 Qe3 30. Qa1 Bxc5 31. bxc5 Bd7 32. Re1 Qd3 33. h3
Rf7 34. Qb2 Kh7 35. Qf2 Qc3 36. Ne2 Qe3 37. Qxe3 fxe3 38. g3 f4 39. Nxf4 d4 40.
Kg2 Bc8 41. Nd3 Ba6 42. Nb4 d3 43. Nxd3 Bxd3 44. Rxe3 Bc4 45. a3 Bd5 46. g4 Rf4
47. Kg3 Rc4 48. f4 Rxc5 49. Re7+ Kg6 50. Rxa7 Rc3+ 51. Kh2 Rf3 52. Ra4 Kf6 53.
h4 Kg6 54. f5+ Kf6 55. Ra8 Ke5 56. Ra7 Rf1 0-1

[Event "YUG-ch"]
[Site "Banja Vrucica"]
[Date "1991.??.??"]
[Round "?"]
[White "Velimirovic, Dragoljub"]
[Black "Brkljaca, Ante"]
[Result "1/2-1/2"]
[WhiteElo "2520"]
[BlackElo "2420"]
[PlyCount "120"]
[EventDate "1991.12.??"]
[EventType "swiss"]
[EventRounds "13"]
[EventCountry "YUG"]
[Source "ChessBase"]
[SourceDate "1996.11.15"]
[WhiteTeamCountry "YUG"]
[BlackTeamCountry "YUG"]

1. e4 d6 2. f4 Nf6 3. Nc3 g6 4. Nf3 Bg7 5. d4 O-O 6. e5 dxe5 7. Nxe5 Nbd7 8.
Be3 c5 9. Nxd7 Nxd7 10. Be2 cxd4 11. Bxd4 e5 12. fxe5 Nxe5 13. Bc5 Re8 14. Qxd8
Rxd8 15. Rd1 Rxd1+ 16. Kxd1 b6 17. Be3 Bb7 18. Rg1 Rc8 19. Nb5 a6 20. Nd4 h5
21. h3 Nc4 22. Bxc4 Rxc4 23. c3 b5 24. a3 Rc7 25. Ke2 Be5 26. g3 Rd7 27. Kf2
Rd6 28. h4 Rf6+ 29. Ke2 Bd5 30. Bg5 Rb6 31. Bf4 Bf6 32. Rd1 a5 33. Bc7 Ra6 34.
Ke3 Bc4 35. b3 Bd5 36. Kf4 a4 37. b4 Bc4 38. Re1 Ra7 39. Re8+ Kh7 40. Bd6 Rd7
41. Be5 Re7 42. Rxe7 Bxe7 43. Nc6 Bf8 44. Ke3 Bh6+ 45. Bf4 Bg7 46. Kd2 Kg8 47.
Be5 Bh6+ 48. Bf4 Bg7 49. Na5 Bf1 50. Bd6 Bf6 51. Kc2 g5 52. hxg5 Bxg5 53. c4
bxc4 54. Be5 h4 55. gxh4 Bxh4 56. b5 Bf2 57. Nc6 Bc5 58. Bd4 Bxa3 59. b6 Bd6
60. b7 Bg2 1/2-1/2

[Event "YUG-ch"]
[Site "Banja Vrucica"]
[Date "1991.??.??"]
[Round "?"]
[White "Velimirovic, Dragoljub"]
[Black "Kozul, Zdenko"]
[Result "1-0"]
[WhiteElo "2520"]
[BlackElo "2580"]
[PlyCount "67"]
[EventDate "1991.12.??"]
[EventType "swiss"]
[EventRounds "13"]
[EventCountry "YUG"]
[Source "ChessBase"]
[SourceDate "1996.11.15"]
[WhiteTeamCountry "YUG"]
[BlackTeamCountry "YUG"]

1. e4 c5 2. Nf3 d6 3. d4 cxd4 4. Nxd4 Nf6 5. Nc3 Nc6 6. Bc4 Qb6 7. Ndb5 a6 8.
Be3 Qa5 9. Nd4 e6 10. O-O Be7 11. Bb3 O-O 12. f4 Bd7 13. Qf3 Rae8 14. Nde2 Kh8
15. g4 g5 16. e5 dxe5 17. fxg5 e4 18. Qh3 Nd5 19. Nxd5 exd5 20. Rad1 Be6 21.
Kh1 Bd6 22. Nd4 Qc7 23. Rf6 Rg8 24. Rh6 Rg7 25. Nf5 Be5 26. Nxg7 Bxg7 27. Rxh7+
Kg8 28. g6 fxg6 29. Bh6 Bxg4 30. Qxg4 Kxh7 31. Bf4 Ne5 32. Qh4+ Kg8 33. Bxd5+
Kf8 34. Rf1 1-0

[Event "YUG-ch"]
[Site "Banja Vrucica"]
[Date "1991.??.??"]
[Round "?"]
[White "Velimirovic, Dragoljub"]
[Black "Krivokapic, Ratko"]
[Result "1/2-1/2"]
[WhiteElo "2520"]
[BlackElo "2215"]
[PlyCount "90"]
[EventDate "1991.12.??"]
[EventType "swiss"]
[EventRounds "13"]
[EventCountry "YUG"]
[Source "ChessBase"]
[SourceDate "1996.11.15"]
[WhiteTeamCountry "YUG"]
[BlackTeamCountry "YUG"]

1. e4 c5 2. Nf3 Nc6 3. d4 cxd4 4. Nxd4 Nf6 5. Nc3 e6 6. Ndb5 Bb4 7. a3 Bxc3+ 8.
Nxc3 d5 9. exd5 exd5 10. Bd3 O-O 11. O-O d4 12. Ne2 Bg4 13. f3 Bh5 14. Bg5 Bg6
15. Ng3 Qd6 16. Bxf6 Qxf6 17. f4 Bxd3 18. cxd3 Qe6 19. f5 Qe3+ 20. Kh1 Ne5 21.
Re1 Nxd3 22. Rxe3 Nf2+ 23. Kg1 Nxd1 24. Rd3 Nxb2 25. Rxd4 Rfd8 26. Rb4 Nd1 27.
Rxb7 Ne3 28. Re1 Rd1 29. Rxd1 Nxd1 30. Ne4 Ne3 31. Nd6 f6 32. Kf2 Ng4+ 33. Kf3
Nxh2+ 34. Ke4 Ng4 35. a4 h5 36. a5 a6 37. Rc7 Ne5 38. Kd5 Nd3 39. Kc6 Nb4+ 40.
Kb7 Rd8 41. Rc8 Rxc8 42. Nxc8 h4 43. Ne7+ Kh7 44. Nc6 Nxc6 45. Kxc6 g6 1/2-1/2

[Event "YUG-ch"]
[Site "Banja Vrucica"]
[Date "1991.??.??"]
[Round "?"]
[White "Velimirovic, Dragoljub"]
[Black "Mijailovic, Zoran"]
[Result "0-1"]
[WhiteElo "2520"]
[BlackElo "2330"]
[PlyCount "68"]
[EventDate "1991.12.??"]
[EventType "swiss"]
[EventRounds "13"]
[EventCountry "YUG"]
[Source "ChessBase"]
[SourceDate "1996.11.15"]
[WhiteTeamCountry "YUG"]
[BlackTeamCountry "YUG"]

1. e4 e5 2. Nf3 Nf6 3. Nxe5 d6 4. Nf3 Nxe4 5. d4 d5 6. Bd3 Nc6 7. O-O Be7 8.
Re1 Bf5 9. Nc3 Nxc3 10. bxc3 Bxd3 11. Qxd3 O-O 12. c4 dxc4 13. Qxc4 Bd6 14. a4
Re8 15. Bb2 Qd7 16. d5 Nb4 17. Red1 Qf5 18. Rac1 Re4 19. Rd4 Rae8 20. Bc3 Qf4
21. Rb1 Nxc2 22. Rxe4 Rxe4 23. Qd3 Nb4 24. Bxb4 Rxb4 25. Re1 g6 26. Qc3 Re4 27.
Rb1 b6 28. a5 Rc4 29. Qe1 Qe4 30. Qd1 Rc5 31. axb6 axb6 32. Ra1 Qxd5 33. Qe2
Kg7 34. Qb2+ Be5 0-1

[Event "YUG-ch"]
[Site "Banja Vrucica"]
[Date "1991.??.??"]
[Round "?"]
[White "Velimirovic, Dragoljub"]
[Black "Tesic, Dragan"]
[Result "1-0"]
[WhiteElo "2520"]
[BlackElo "2265"]
[PlyCount "77"]
[EventDate "1991.12.??"]
[EventType "swiss"]
[EventRounds "13"]
[EventCountry "YUG"]
[Source "ChessBase"]
[SourceDate "1996.11.15"]
[WhiteTeamCountry "YUG"]
[BlackTeamCountry "YUG"]

1. e4 c5 2. Nf3 Nc6 3. d4 cxd4 4. Nxd4 e5 5. Nb5 d6 6. N1c3 a6 7. Na3 b5 8. Nd5
Nce7 9. c4 Nxd5 10. exd5 bxc4 11. Nxc4 Nf6 12. Bd2 a5 13. Be3 Rb8 14. Rc1 Bd7
15. f4 e4 16. Qd2 Rb5 17. Bd4 Be7 18. a4 Rb3 19. Qd1 Rb4 20. Bc3 Rxa4 21. Qc2
Nxd5 22. Bxg7 Rg8 23. Qxe4 Rxg7 24. Qxd5 Kf8 25. Be2 Be6 26. Qc6 Bd7 27. Qf3
Qc8 28. O-O Qb8 29. Kh1 Kg8 30. Qe3 Bd8 31. Rfd1 Rg6 32. Bf3 Rb4 33. Qd3 Rb3
34. Qd5 Be6 35. Qxd6 Qxd6 36. Nxd6 Rh6 37. f5 Rxf3 38. fxe6 Rf2 39. Nxf7 1-0

[Event "YUG-ch"]
[Site "Banja Vrucica"]
[Date "1991.??.??"]
[Round "?"]
[White "Vujadinovic, Goran"]
[Black "Velimirovic, Dragoljub"]
[Result "0-1"]
[WhiteElo "2360"]
[BlackElo "2520"]
[PlyCount "80"]
[EventDate "1991.12.??"]
[EventType "swiss"]
[EventRounds "13"]
[EventCountry "YUG"]
[Source "ChessBase"]
[SourceDate "1996.11.15"]
[WhiteTeamCountry "YUG"]
[BlackTeamCountry "YUG"]

1. Nf3 c5 2. g3 g6 3. Bg2 Bg7 4. O-O Nc6 5. d3 e5 6. c3 Nge7 7. a3 O-O 8. b4 d6
9. Bb2 h6 10. Nbd2 Be6 11. e4 Qd7 12. Nb3 c4 13. dxc4 Bxc4 14. Re1 Rac8 15. Nc5
Qc7 16. Nd2 dxc5 17. Nxc4 cxb4 18. axb4 Nxb4 19. cxb4 Qxc4 20. Rxa7 Qxb4 21.
Ba3 Qb6 22. Ra4 Rfd8 23. Qb1 Qc7 24. Bh3 Rb8 25. Rc1 Nc6 26. Bc5 b5 27. Ra6 Qb7
28. Rb6 Qxb6 29. Bxb6 Rxb6 30. Bf1 Rd2 31. Qa1 Nd4 32. Rd1 Rxd1 33. Qxd1 b4 34.
Qa4 b3 35. Qa7 Rb4 36. Bd3 Nf3+ 37. Kf1 b2 38. Ke2 Nd4+ 39. Ke3 Rb3 40. Qa8+
Bf8 0-1

[Event "Vrnjacka Banja"]
[Site "Vrnjacka Banja"]
[Date "1992.??.??"]
[Round "?"]
[White "Atalik, Suat"]
[Black "Velimirovic, Dragoljub"]
[Result "1-0"]
[WhiteElo "2455"]
[BlackElo "2530"]
[PlyCount "103"]
[EventDate "1992.??.??"]
[EventType "tourn"]
[EventRounds "9"]
[EventCountry "YUG"]
[Source "ChessBase"]
[SourceDate "2009.11.30"]
[WhiteTeamCountry "YUG"]
[BlackTeamCountry "YUG"]

1. d4 Nf6 2. c4 c5 3. d5 g6 4. Nc3 Bg7 5. e4 O-O 6. Be2 d6 7. Bg5 Qa5 8. Bd2 e6
9. Nf3 exd5 10. exd5 Re8 11. O-O Qd8 12. h3 Na6 13. Bd3 Nc7 14. a4 Na6 15. Rc1
Nb4 16. Bb1 a6 17. Bg5 h6 18. Be3 b5 19. b3 bxc4 20. bxc4 a5 21. Re1 Ba6 22.
Bd3 Nd7 23. Bf1 Nb6 24. Nd2 Ra7 25. Bf4 Rxe1 26. Qxe1 Re7 27. Qd1 f5 28. Bh2
Be5 29. Bxe5 Rxe5 30. Nf3 Re8 31. Qd2 Kg7 32. Qf4 Qf6 33. h4 Nd7 34. g3 Nb6 35.
Kg2 Re7 36. Kg1 Bc8 37. Nb5 Bd7 38. Nxd6 Nxa4 39. Nb7 Qb6 40. Nd6 Nb2 41. Rb1
Na4 42. Rb3 Kh7 43. Re3 Rxe3 44. fxe3 Nc2 45. h5 gxh5 46. Nxf5 Qf6 47. e4 Bxf5
48. e5 Qg6 49. Nh4 Qg5 50. Nxf5 Nd4 51. e6 Kg6 52. Nh4+ 1-0

[Event "Vrnjacka Banja"]
[Site "Vrnjacka Banja"]
[Date "1992.??.??"]
[Round "?"]
[White "Cabrilo, Goran"]
[Black "Velimirovic, Dragoljub"]
[Result "1-0"]
[WhiteElo "2520"]
[BlackElo "2530"]
[PlyCount "81"]
[EventDate "1992.??.??"]
[EventType "tourn"]
[EventRounds "9"]
[EventCountry "YUG"]
[Source "ChessBase"]
[SourceDate "2009.11.30"]
[WhiteTeamCountry "YUG"]
[BlackTeamCountry "YUG"]

1. e4 c5 2. Nf3 Nc6 3. d4 cxd4 4. Nxd4 Nf6 5. Nc3 g6 6. Be2 Bg7 7. Nb3 O-O 8.
O-O Rb8 9. Re1 d6 10. Bf1 a6 11. Bg5 Nd7 12. Rb1 b5 13. Nd5 Re8 14. c3 Bb7 15.
Qd2 Nde5 16. Rbd1 Nc4 17. Qe2 Ba8 18. Nc1 Nb6 19. Nd3 Ne5 20. Nxe5 Bxe5 21. Ne3
h5 22. f4 Bf6 23. e5 Bxg5 24. fxg5 Qc7 25. exd6 exd6 26. Qf2 Re5 27. h4 Rbe8
28. Nc2 Na4 29. Rxe5 dxe5 30. Ne3 Nb6 31. g4 Nc4 32. Bxc4 bxc4 33. gxh5 gxh5
34. Nf5 Kf8 35. Nh6 e4 36. g6 Kg7 37. gxf7 Rf8 38. Rd6 Qxd6 39. Nf5+ Kxf7 40.
Nxd6+ Ke7 41. Qc5 1-0

[Event "Vrnjacka Banja"]
[Site "Vrnjacka Banja"]
[Date "1992.??.??"]
[Round "?"]
[White "Velimirovic, Dragoljub"]
[Black "Ilincic, Zlatko"]
[Result "1/2-1/2"]
[WhiteElo "2530"]
[BlackElo "2490"]
[PlyCount "83"]
[EventDate "1992.??.??"]
[EventType "tourn"]
[EventRounds "9"]
[EventCountry "YUG"]
[Source "ChessBase"]
[SourceDate "2009.11.30"]
[WhiteTeamCountry "YUG"]
[BlackTeamCountry "YUG"]

1. e4 c6 2. d4 d5 3. exd5 cxd5 4. c4 Nf6 5. Nc3 e6 6. Nf3 Bb4 7. Bd3 dxc4 8.
Bxc4 O-O 9. O-O b6 10. Bg5 h6 11. Bxf6 Qxf6 12. Ne5 Bb7 13. Qg4 Bxc3 14. bxc3
Rc8 15. f4 Nc6 16. Nd7 Qf5 17. Qxf5 exf5 18. Bd3 Rc7 19. Ne5 Nxe5 20. fxe5 g6
21. Rac1 Rac8 22. c4 Bd5 23. Rc2 Bxc4 24. Rfc1 b5 25. a4 a6 26. Kf2 f4 27. axb5
axb5 28. d5 Rc5 29. d6 g5 30. Bxc4 bxc4 31. Rd1 Kg7 32. Re2 c3 33. e6 fxe6 34.
Rxe6 Kf7 35. Re2 Rb8 36. d7 Rd8 37. Rc2 Ke6 38. Rd3 Rxd7 39. Re2+ Kf5 40. Rxd7
c2 41. Rd5+ Rxd5 42. Rxc2 1/2-1/2

[Event "Vrnjacka Banja"]
[Site "Vrnjacka Banja"]
[Date "1992.??.??"]
[Round "?"]
[White "Velimirovic, Dragoljub"]
[Black "Maksimenko, Andrei"]
[Result "1-0"]
[WhiteElo "2530"]
[BlackElo "2455"]
[PlyCount "91"]
[EventDate "1992.??.??"]
[EventType "tourn"]
[EventRounds "9"]
[EventCountry "YUG"]
[Source "ChessBase"]
[SourceDate "2009.11.30"]
[WhiteTeamCountry "YUG"]
[BlackTeamCountry "YUG"]

1. e4 c5 2. Nf3 d6 3. d4 cxd4 4. Nxd4 Nf6 5. Nc3 e6 6. Be3 a6 7. Bc4 Be7 8. Bb3
O-O 9. g4 Nc6 10. g5 Nd7 11. h4 Nc5 12. Qe2 Bd7 13. O-O-O b5 14. Kb1 Qc7 15.
Rdg1 b4 16. Nd1 Nxd4 17. Bxd4 Nxb3 18. axb3 e5 19. Be3 a5 20. g6 a4 21. gxh7+
Kh8 22. Rxg7 Bf6 23. Rg3 axb3 24. cxb3 Qc6 25. Qf3 Ra1+ 26. Kxa1 Qa6+ 27. Kb1
Qd3+ 28. Kc1 Rc8+ 29. Bc5 Rxc5+ 30. Nc3 Qxf3 31. Rxf3 Bg7 32. Rxf7 Be6 33. Rb7
bxc3 34. bxc3 Rxc3+ 35. Kb2 Rf3 36. Rh2 Kxh7 37. Rg2 Bf7 38. b4 Kh6 39. b5 Bf8
40. b6 Be6 41. Rb8 Bg7 42. Kc1 Rc3+ 43. Kd2 Rb3 44. h5 Bf7 45. Rb7 Rf3 46. Rd7
1-0

[Event "Vrnjacka Banja"]
[Site "Vrnjacka Banja"]
[Date "1992.??.??"]
[Round "?"]
[White "Velimirovic, Dragoljub"]
[Black "Markovic, Miroslav"]
[Result "0-1"]
[WhiteElo "2530"]
[BlackElo "2370"]
[PlyCount "86"]
[EventDate "1992.??.??"]
[EventType "tourn"]
[EventRounds "9"]
[EventCountry "YUG"]
[Source "ChessBase"]
[SourceDate "2009.11.30"]
[WhiteTeamCountry "YUG"]
[BlackTeamCountry "YUG"]

1. e4 c5 2. Nf3 Nc6 3. d4 cxd4 4. Nxd4 Nf6 5. Nc3 d6 6. Bc4 e6 7. Be3 Be7 8.
Qe2 O-O 9. O-O-O a6 10. Bb3 Qc7 11. Rhg1 Nd7 12. g4 Nc5 13. g5 Bd7 14. Qh5 Rfc8
15. Rg3 g6 16. Qh6 Bf8 17. Qh4 Nxd4 18. Rxd4 Nxb3+ 19. axb3 e5 20. Rd2 Be6 21.
Kb1 b5 22. f4 Bg7 23. Rf3 b4 24. Nd5 Bxd5 25. exd5 exf4 26. Bxf4 a5 27. Rh3 a4
28. Qxh7+ Kf8 29. Rf2 axb3 30. Rxb3 Ra6 31. Rbf3 b3 32. Rxb3 Qa7 33. Bxd6+ Rxd6
34. Qh3 Re8 35. Rf1 Rxd5 36. Rbf3 Rd7 37. Ra3 Qd4 38. Rb3 Ra8 39. Qf3 Rda7 40.
c3 Qd2 41. Ra3 Rb8 42. Ra2 Rab7 43. Ka1 Qxg5 0-1

[Event "YUG-chT"]
[Site "Cetinje"]
[Date "1992.??.??"]
[Round "?"]
[White "Cvetkovic, Srdjan"]
[Black "Velimirovic, Dragoljub"]
[Result "1-0"]
[WhiteElo "2450"]
[BlackElo "2525"]
[PlyCount "127"]
[EventDate "1992.??.??"]
[EventType ""]
[EventRounds "11"]
[EventCountry "YUG"]
[Source "ChessBase"]
[SourceDate "1996.11.15"]
[WhiteTeamCountry "YUG"]
[BlackTeamCountry "YUG"]

1. c4 c5 2. Nf3 g6 3. e4 Bg7 4. d4 cxd4 5. Nxd4 Nc6 6. Be3 Nf6 7. Nc3 Ng4 8.
Qxg4 Nxd4 9. Qd1 Ne6 10. Rc1 d6 11. Qd2 Bd7 12. Be2 O-O 13. O-O Nc5 14. f3 a5
15. Rfd1 Bc6 16. b3 b6 17. Bd4 Bxd4+ 18. Qxd4 Qb8 19. f4 Qb7 20. Nd5 Rad8 21.
Bf3 Bxd5 22. cxd5 f6 23. Rc3 b5 24. e5 b4 25. Re3 a4 26. exd6 exd6 27. Rde1
axb3 28. axb3 Rd7 29. h4 Kg7 30. h5 Rff7 31. Bg4 Rde7 32. Be6 Rf8 33. hxg6 hxg6
34. Rg3 Nxe6 35. dxe6 Qa7 36. Qxa7 Rxa7 37. f5 g5 38. Rd3 Ra5 39. g4 Rc8 40. e7
Kf7 41. Rxd6 Re8 42. Ree6 Ra1+ 43. Kf2 Ra2+ 44. Kf3 Rb2 45. Rxf6+ Kxe7 46.
Rfe6+ Kf8 47. Rxe8+ Kxe8 48. Rd3 Ke7 49. Ke4 Rg2 50. Ke5 Rxg4 51. f6+ Kf7 52.
Rd7+ Kg6 53. Rg7+ Kh6 54. Rg8 Rf4 55. Ke6 Re4+ 56. Kd6 Rf4 57. Ke7 Re4+ 58. Kf8
g4 59. f7 Kh7 60. Rg7+ Kh8 61. Rg5 Kh7 62. Rh5+ Kg6 63. Rd5 Rf4 64. Rd7 1-0

[Event "YUG-chT"]
[Site "Cetinje"]
[Date "1992.??.??"]
[Round "?"]
[White "Damljanovic, Branko"]
[Black "Velimirovic, Dragoljub"]
[Result "1/2-1/2"]
[WhiteElo "2595"]
[BlackElo "2525"]
[PlyCount "70"]
[EventDate "1992.??.??"]
[EventType ""]
[EventRounds "11"]
[EventCountry "YUG"]
[Source "ChessBase"]
[SourceDate "1996.11.15"]
[WhiteTeamCountry "YUG"]
[BlackTeamCountry "YUG"]

1. g3 g6 2. Bg2 Bg7 3. e4 c5 4. f4 Nc6 5. d3 d6 6. Nf3 e5 7. O-O Nge7 8. Na3
O-O 9. c3 Rb8 10. Be3 b5 11. fxe5 Nxe5 12. Nxe5 Bxe5 13. Qd2 Bg7 14. Nc2 a5 15.
d4 b4 16. dxc5 bxc3 17. bxc3 dxc5 18. Qxd8 Rxd8 19. Bxc5 Nc6 20. Ne3 Bxc3 21.
Rac1 Bd2 22. Rcd1 Ba6 23. Rf2 Bxe3 24. Rxd8+ Rxd8 25. Bxe3 Rd1+ 26. Bf1 Bd3 27.
g4 Ne5 28. h3 g5 29. Rf5 h6 30. Rxe5 Bxf1 31. Rxa5 Bxh3+ 32. Kh2 Bxg4 33. Bxg5
hxg5 34. Rxg5+ Kf8 35. Rxg4 Rd4 1/2-1/2

[Event "YUG-chT"]
[Site "Cetinje"]
[Date "1992.??.??"]
[Round "?"]
[White "Popovic, Petar"]
[Black "Velimirovic, Dragoljub"]
[Result "1/2-1/2"]
[WhiteElo "2535"]
[BlackElo "2525"]
[PlyCount "44"]
[EventDate "1992.??.??"]
[EventType ""]
[EventRounds "11"]
[EventCountry "YUG"]
[Source "ChessBase"]
[SourceDate "1996.11.15"]
[WhiteTeamCountry "YUG"]
[BlackTeamCountry "YUG"]

1. e4 c5 2. Nf3 Nc6 3. d4 cxd4 4. Nxd4 Nf6 5. Nc3 g6 6. Nxc6 bxc6 7. e5 Ng8 8.
Bc4 Bg7 9. Bf4 f5 10. Qd2 e6 11. O-O-O Qc7 12. Rde1 Ne7 13. h4 O-O 14. h5 Rf7
15. Qe3 Rb8 16. Qg3 Rb4 17. b3 gxh5 18. Rxh5 Ng6 19. Rxh7 Kxh7 20. Rh1+ Kg8 21.
Qxg6 Qa5 22. Rh7 Rxc4 1/2-1/2

[Event "YUG-chT"]
[Site "Cetinje"]
[Date "1992.??.??"]
[Round "?"]
[White "Smagin, Sergey"]
[Black "Velimirovic, Dragoljub"]
[Result "1-0"]
[WhiteElo "2520"]
[BlackElo "2525"]
[PlyCount "119"]
[EventDate "1992.??.??"]
[EventType ""]
[EventRounds "11"]
[EventCountry "YUG"]
[Source "ChessBase"]
[SourceDate "1996.11.15"]
[WhiteTeamCountry "YUG"]
[BlackTeamCountry "YUG"]

1. e4 c5 2. c3 e6 3. d4 d5 4. exd5 exd5 5. Nf3 Nc6 6. Bb5 Bd6 7. O-O Nge7 8.
dxc5 Bxc5 9. Nbd2 O-O 10. Nb3 Bb6 11. Re1 Nf5 12. Bd3 Bc7 13. Qc2 Nh4 14. Nbd4
Nxd4 15. Nxd4 Nxg2 16. Kxg2 Qh4 17. Bxh7+ Qxh7 18. Qxh7+ Kxh7 19. Nb5 Bd8 20.
Be3 Bd7 21. Bc5 Re8 22. Rxe8 Bxe8 23. Nd6 Bc6 24. Bd4 Kg8 25. Re1 g6 26. Nxb7
Bb6 27. Nc5 Bxc5 28. Bxc5 d4+ 29. Kg3 dxc3 30. bxc3 Bd5 31. a3 a5 32. Rb1 a4
33. Rb4 f6 34. Bd4 Ra6 35. c4 Ba8 36. Bb6 Kf7 37. c5 Ke6 38. Rg4 g5 39. f4
gxf4+ 40. Kxf4 Bd5 41. h4 Ra8 42. h5 Rh8 43. Rh4 Rh6 44. Ba5 Bc6 45. Bd2 Kd5
46. Be3 Be8 47. Kg4 Rh8 48. h6 Ke4 49. Bc1 Bg6 50. Kg3+ Kd5 51. Be3 Rg8 52.
Rxa4 Bc2+ 53. Rg4 Rxg4+ 54. Kxg4 Kc6 55. Kf4 Bg6 56. Bd4 Bc2 57. a4 Bh7 58. a5
Kb5 59. a6 Kxa6 60. Bxf6 1-0

[Event "YUG-chT"]
[Site "Cetinje"]
[Date "1992.??.??"]
[Round "?"]
[White "Velimirovic, Dragoljub"]
[Black "Aleksic, Nenad"]
[Result "1/2-1/2"]
[WhiteElo "2530"]
[BlackElo "2410"]
[PlyCount "46"]
[EventDate "1992.??.??"]
[EventType ""]
[EventRounds "11"]
[EventCountry "YUG"]
[Source "ChessBase"]
[SourceDate "1996.11.15"]
[WhiteTeamCountry "YUG"]
[BlackTeamCountry "YUG"]

1. e4 c5 2. Nf3 d6 3. d4 cxd4 4. Nxd4 Nf6 5. Nc3 a6 6. Bc4 e6 7. Bb3 Nbd7 8. f4
Nc5 9. O-O Be7 10. e5 dxe5 11. fxe5 Nxb3 12. axb3 Bc5 13. Be3 Nd5 14. Bf2 Nxc3
15. bxc3 Qc7 16. Qg4 O-O 17. Bh4 Qxe5 18. Rae1 Bxd4+ 19. cxd4 f5 20. Rxe5 fxg4
21. Rxf8+ Kxf8 22. Rc5 Bd7 23. Rc7 Bc6 1/2-1/2

[Event "YUG-chT"]
[Site "Cetinje"]
[Date "1992.??.??"]
[Round "?"]
[White "Velimirovic, Dragoljub"]
[Black "Djukic, Zeljko"]
[Result "0-1"]
[WhiteElo "2525"]
[BlackElo "2395"]
[PlyCount "62"]
[EventDate "1992.??.??"]
[EventType ""]
[EventRounds "11"]
[EventCountry "YUG"]
[Source "ChessBase"]
[SourceDate "1996.11.15"]
[WhiteTeamCountry "YUG"]
[BlackTeamCountry "YUG"]

1. e4 e5 2. Nf3 Nc6 3. Bb5 a6 4. Ba4 d6 5. Bxc6+ bxc6 6. d4 exd4 7. Qxd4 c5 8.
Qd3 Be7 9. Nc3 Bb7 10. O-O Nf6 11. Re1 O-O 12. Nh4 g6 13. Bh6 Re8 14. Nf5 gxf5
15. Qg3+ Ng4 16. exf5 Kh8 17. f6 Bxf6 18. Rxe8+ Qxe8 19. Qxg4 Qc6 20. f3 Rg8
21. Qe4 d5 22. Qf4 Rg6 23. Kh1 Bxc3 24. Qxf7 Qf6 25. Qxc7 Be5 26. Qxb7 Rxh6 27.
Qc8+ Kg7 28. Qd7+ Qf7 29. Qg4+ Rg6 30. Qc8 Qf4 31. Qh3 Kf6 0-1

[Event "YUG-chT"]
[Site "Cetinje"]
[Date "1992.??.??"]
[Round "?"]
[White "Velimirovic, Dragoljub"]
[Black "Miljanic, Boro"]
[Result "1-0"]
[WhiteElo "2525"]
[BlackElo "2395"]
[PlyCount "106"]
[EventDate "1992.??.??"]
[EventType ""]
[EventRounds "11"]
[EventCountry "YUG"]
[Source "ChessBase"]
[SourceDate "1996.11.15"]
[WhiteTeamCountry "YUG"]
[BlackTeamCountry "YUG"]

1. e4 e6 2. d4 d5 3. Nc3 Nf6 4. Bg5 Be7 5. e5 Nfd7 6. h4 c5 7. Bxe7 Kxe7 8. f4
Qb6 9. Na4 Qc6 10. Nxc5 Nxc5 11. dxc5 Qxc5 12. Qd2 Nc6 13. Nf3 Bd7 14. h5 h6
15. O-O-O Rac8 16. Kb1 Qa5 17. Qxa5 Nxa5 18. Bd3 Nc6 19. c3 b5 20. Nd4 Nxd4 21.
cxd4 b4 22. g4 f6 23. Rc1 a5 24. Rxc8 Rxc8 25. exf6+ gxf6 26. g5 fxg5 27. fxg5
hxg5 28. h6 Rh8 29. h7 Kf6 30. Rh6+ Kf7 31. Kc2 Ba4+ 32. Kd2 Bd7 33. Ke3 Kg7
34. Rh5 Kf6 35. Kf2 Be8 36. Rh6+ Kf7 37. Kf3 Bd7 38. Kg3 Kg7 39. Rh5 Kf6 40.
Kf3 Bc8 41. Kf2 Bd7 42. Kg3 Bc8 43. Rh1 Bd7 44. Rf1+ Kg7 45. Re1 Kf6 46. Re5 a4
47. Kg4 a3 48. bxa3 bxa3 49. Kh5 Bb5 50. Bb1 Bc4 51. Kh6 g4 52. Re3 Bf1 53.
Rxa3 e5 1-0

[Event "YUG-chT"]
[Site "Cetinje"]
[Date "1992.??.??"]
[Round "?"]
[White "Velimirovic, Dragoljub"]
[Black "Mukhametov, Eldar"]
[Result "1-0"]
[WhiteElo "2525"]
[BlackElo "2395"]
[PlyCount "81"]
[EventDate "1992.??.??"]
[EventType ""]
[EventRounds "11"]
[EventCountry "YUG"]
[Source "ChessBase"]
[SourceDate "1996.11.15"]
[WhiteTeamCountry "YUG"]
[BlackTeamCountry "YUG"]

1. e4 e5 2. Nf3 Nc6 3. Bb5 g6 4. d4 exd4 5. c3 d3 6. Qxd3 Bg7 7. Bg5 Nge7 8.
Nbd2 d6 9. h4 h6 10. Bxc6+ bxc6 11. Bf4 Bg4 12. O-O-O Qb8 13. Nc4 O-O 14. e5
Nd5 15. Bg3 h5 16. Nd4 Bxd1 17. Rxd1 Ne7 18. exd6 cxd6 19. Bxd6 Qd8 20. g4 hxg4
21. h5 gxh5 22. Rh1 Ng6 23. Qf5 Bh6+ 24. Kc2 Qg5 25. Qxg5 Bxg5 26. Bxf8 Rxf8
27. Rxh5 Bh4 28. Nf5 Bxf2 29. Nh6+ Kg7 30. Nxg4 Bb6 31. Nd6 f6 32. Nf5+ Kf7 33.
Rh7+ Ke6 34. Ng7+ Kd5 35. Rh6 f5 36. Rxg6 fxg4 37. Rg5+ Kd6 38. Rxg4 Rf2+ 39.
Kb3 Be3 40. Kc4 Bh6 41. Rg6+ 1-0

[Event "YUG-chT"]
[Site "Cetinje"]
[Date "1992.??.??"]
[Round "?"]
[White "Velimirovic, Dragoljub"]
[Black "Todorcevic, Miodrag"]
[Result "1-0"]
[WhiteElo "2530"]
[BlackElo "2465"]
[PlyCount "58"]
[EventDate "1992.??.??"]
[EventType ""]
[EventRounds "11"]
[EventCountry "YUG"]
[Source "ChessBase"]
[SourceDate "1996.11.15"]
[WhiteTeamCountry "YUG"]
[BlackTeamCountry "YUG"]

1. e4 g6 2. d4 Bg7 3. Nc3 d6 4. f4 c6 5. Nf3 Bg4 6. Be3 Qb6 7. Qd2 Nf6 8. Be2
O-O 9. h3 Bxf3 10. Bxf3 Qxb2 11. Rb1 Qa3 12. e5 Nfd7 13. Rxb7 Nb6 14. Qd3 dxe5
15. fxe5 Kh8 16. O-O Na6 17. Bc1 Qa5 18. Ne4 Nd5 19. c4 Ndb4 20. Qd2 Qxa2 21.
Qxa2 Nxa2 22. Ba3 Rfb8 23. Rxb8+ Rxb8 24. Bxe7 N6b4 25. Bd6 Ra8 26. Nc3 a5 27.
Nxa2 Nxa2 28. Bxc6 Rc8 29. d5 Kg8 1-0

[Event "YUG-chT"]
[Site "Cetinje"]
[Date "1992.??.??"]
[Round "?"]
[White "Velimirovic, Dragoljub"]
[Black "Vukovic, Zdravko"]
[Result "1/2-1/2"]
[WhiteElo "2525"]
[BlackElo "2430"]
[PlyCount "21"]
[EventDate "1992.??.??"]
[EventType ""]
[EventRounds "11"]
[EventCountry "YUG"]
[Source "ChessBase"]
[SourceDate "1996.11.15"]
[WhiteTeamCountry "YUG"]
[BlackTeamCountry "YUG"]

1. e4 c5 2. Nf3 Nc6 3. d4 cxd4 4. Nxd4 Nf6 5. Nc3 d6 6. Bc4 Qb6 7. Ndb5 a6 8.
Be3 Qd8 9. Nd4 Ng4 10. Nxc6 bxc6 11. Bd2 1/2-1/2